• 首页
  • 本馆介绍
  • 公告通知
  • 最新文献
  • 馆藏检索
  • 电子资源
  • 读者导购
  • 参考咨询
  • 我的图书馆
  • 登录
  • 详细信息显示
  • 放入我的书架
  • 预约/预借图书
  • 作者相关作品
  • 分类相关作品
  • 丛书相关作品
  • 出版社相关作品

书目信息

  • 表格格式
  • 工作单格式
  • 卡片格式
题名:
西方绘画
    
 
作者: 喆仁 主编 ;石磊 编著
分册:  
出版信息: 太原   山西人民出版社  2001.08
页数: 201页
开本: 32开
丛书名: 中外优秀美术作品赏析青少年读本
单 册:
中图分类: J209.5
科图分类:
主题词: 绘画史--青少年读物--西方国家
电子资源:
ISBN: 7-203-04298-7
000 00694nam0 2200229 45
001 0210211068
005 20031219104058.7
010    @a7-203-04298-7@dCNY39.00
100    @a20021021d2001 km y0chiy0120 ea
101 0  @achi
105    @aa z 000yy
200 1  @a西方绘画@AXi Fang Hui Hua@f喆仁主编@FZhe Ren Zhu Bian@g石磊编著
210    @a太原@c山西人民出版社@d2001.08
215    @a201页@c彩照@d32开
225    @a中外优秀美术作品赏析青少年读本
410    @12001 @a中外优秀美术作品赏析青少年读本
606 0  @a绘画史@x青少年读物@y西方国家
690    @aJ209.5@v4
701    @a喆仁@4主编
702  0 @a石磊@AShi Lei@4编著
801    @aCN@bTSTC@c20021021
905    @b315938-940@dJ209.5@e179@f3
    
    西方绘画/喆仁主编/石磊编著.-太原:山西人民出版社,2001.08
    201页:彩照;32开.-(中外优秀美术作品赏析青少年读本)
    
    
    ISBN 7-203-04298-7:CNY39.00
    
●
相关链接 在E读中查询图书 在五车中查询图书 在当当中查询图书 在豆瓣中查询图书


正题名:西方绘画     索取号:J209.5/179         预约/预借

序号 登录号 条形码 馆藏地/架位号 状态 备注
1 0315938   203159385   第一借阅区/ [索取号:J209.5/179] 在馆    
2 0315939   203159394   第一借阅区/ [索取号:J209.5/179] 在馆    
3 0315940   203159401   第一样本阅览室/ [索取号:J209.5/179] 在馆    
唐山师范学院图书馆 欢迎您!
大连网信软件有限公司© 版权所有